| 000 | 00684nam a2200229 a 4500 | ||
|---|---|---|---|
| 001 | 23824 | ||
| 003 | BD-RjUL | ||
| 005 | 20211209000957.0 | ||
| 008 | 140311s1966 nyuc b 001 0 eng d | ||
| 035 | _a(BD-RjUL)23889 | ||
| 040 |
_aYSM _cYSM _beng _dBD-RjUL |
||
| 041 | _aeng | ||
| 082 |
_a928.438 _bIGP |
||
| 100 | 1 |
_aIgnotus, Paul, _d1901-1978. _973359 |
|
| 245 | 1 | 4 |
_aThe paradox of Maupassant / _cPaul Ignotus |
| 260 |
_aNew York : _bFunk & Wagnalls, _cc1966. |
||
| 300 |
_a288 p. : _bfront. (port.) ; _c21 cm |
||
| 500 | _aIncludes indexes and appendices | ||
| 504 | _aIncludes bibliographical references | ||
| 600 | 1 | 0 |
_aMaupassant, Guy de, _d1850-1893. _973361 |
| 942 |
_2ddc _cBK |
||
| 999 |
_c23824 _d23824 |
||